书目信息 |
| 题名: |
工程制图
|
|
| 作者: | 朱廷祥 , 龚斌 , 苏明 主编 | |
| 分册: | ||
| 出版信息: | 天津 天津大学出版社 2010.09 |
|
| 页数: | 295页 | |
| 开本: | 26cm | |
| 丛书名: | ||
| 单 册: | ||
| 中图分类: | TB23 | |
| 科图分类: | ||
| 主题词: | 工程制图--gong cheng zhi tu--高等学校--教材 | |
| 电子资源: | ||
| ISBN: | 978-7-5618-3689-7 | |
| 000 | 00943nam0 2200277 450 | |
| 001 | 012011623669 | |
| 005 | 20110105143753.03 | |
| 010 | @a978-7-5618-3689-7@dCNY34.00 | |
| 100 | @a20110105d2010 em y0chiy0120 ea | |
| 101 | 0 | @achi |
| 102 | @aCN@b120000 | |
| 105 | @aa a 000yy | |
| 106 | @ar | |
| 200 | 1 | @a工程制图@Agong cheng zhi tu@f朱廷祥, 龚斌, 苏明主编@Fzhu ting xiang,gong bin,su ming zhu bian |
| 210 | @a天津@c天津大学出版社@d2010.09 | |
| 215 | @a295页@c图@d26cm | |
| 300 | @a国家级示范性高等院校精品规划教材 | |
| 320 | @a有书目 | |
| 330 | @a本书主要内容包括:制图的基本知识和基本技能,投影基础,组合体,轴测图,物体的表达方法,螺纹、齿轮及常用的标准件等。 | |
| 606 | 0 | @a工程制图@Agong cheng zhi tu@x高等学校@j教材 |
| 690 | @aTB23@v4 | |
| 701 | 0 | @a朱廷祥@Azhu ting xiang@4主编 |
| 701 | 0 | @a龚斌@Agong bin@4主编 |
| 701 | 0 | @a苏明@Asu ming@4主编 |
| 801 | 0 | @aCN@bRULIN@c20110105 |
| 905 | @b791230-32@dTB23@eZ877@f3 | |
| 工程制图/朱廷祥, 龚斌, 苏明主编.-天津:天津大学出版社,2010.09 |
| 295页:图;26cm |
| 国家级示范性高等院校精品规划教材 |
| ISBN 978-7-5618-3689-7:CNY34.00 |
| 本书主要内容包括:制图的基本知识和基本技能,投影基础,组合体,轴测图,物体的表达方法,螺纹、齿轮及常用的标准件等。 |
| ● |
| 相关链接 |
|
|
|
正题名:工程制图
索取号:TB23/Z877
 
预约/预借
| 序号 | 登录号 | 条形码 | 馆藏地/架位号 | 状态 | 备注 |
| 1 | 791230 | 207912302 | 期刊室512/501自科库 6排4列1层/ [索取号:TB23/Z877] | 在馆 | |
| 2 | 791231 | 207912311 | 自科库501/501自科库 6排4列1层/ [索取号:TB23/Z877] | 在馆 | |
| 3 | 791232 | 207912320 | 自科库501/501自科库 6排4列1层/ [索取号:TB23/Z877] | 在馆 |